000 00717nam a22002297a 4500
003 OSt
005 20260422023534.0
008 251120b |||||||| |||| 00| 0 eng d
020 _a978-1-4129-0422-3.
040 _aDWCL-Main lib
_cOC
082 _aGr. 616.8581 P467 2007
100 _aO'Donohue, William
245 _aPersonality disorders toward the DSM-V
_cO'Donohue, William
260 _aCalifornia :
_bSage Publications, Inc.,
_cc2007.
300 _axvii, 398 pages ;
_c25 cm.
504 _aIncludes bibliographical references and index.
650 _21. Personality disorders.
650 _22. Psychotheraphy.
700 _aFowler, Katherine A.
700 _aLilien, Scott A.
942 _2ddc
_cGR
_kGr.
_n0
999 _c5897
_d5897